00365nam a2200157Ia 45000010006000000050017000060080041000230410008000640820018000721000027000902450029001172600009001463000036001556500008001916540008001992234620260414150825.0260414t2005||||xx |||||||||||||| ||spa|| aESP a621.3192bN57 aNilsson, James W.eAUT 0aCircuitos eléctricosb c2005 axxvii, 1015 páginas :c25 cm. aTCA aCET